<?xml version="1.0" encoding="UTF-8"?>
<record
    xmlns:xsi="http://www.w3.org/2001/XMLSchema-instance"
    xsi:schemaLocation="http://www.loc.gov/MARC21/slim http://www.loc.gov/standards/marcxml/schema/MARC21slim.xsd"
    xmlns="http://www.loc.gov/MARC21/slim">

  <leader>00303nam a22001337a 4500</leader>
  <controlfield tag="005">20230120102504.0</controlfield>
  <controlfield tag="008">230120b        |||||||| |||| 00| 0 eng d</controlfield>
  <datafield tag="040" ind1=" " ind2=" ">
    <subfield code="c">##$aRTC$cRTC</subfield>
  </datafield>
  <datafield tag="082" ind1=" " ind2=" ">
    <subfield code="a">823.4</subfield>
  </datafield>
  <datafield tag="100" ind1=" " ind2=" ">
    <subfield code="a">Aphra Behn</subfield>
  </datafield>
  <datafield tag="245" ind1=" " ind2=" ">
    <subfield code="a">Oroonoko</subfield>
    <subfield code="c">Aphra Behn</subfield>
  </datafield>
  <datafield tag="260" ind1=" " ind2=" ">
    <subfield code="c">2003</subfield>
  </datafield>
  <datafield tag="942" ind1=" " ind2=" ">
    <subfield code="2">ddc</subfield>
    <subfield code="c">CE TEXBOOK</subfield>
  </datafield>
  <datafield tag="999" ind1=" " ind2=" ">
    <subfield code="c">9231</subfield>
    <subfield code="d">9232</subfield>
  </datafield>
  <datafield tag="952" ind1=" " ind2=" ">
    <subfield code="0">0</subfield>
    <subfield code="1">0</subfield>
    <subfield code="2">ddc</subfield>
    <subfield code="4">0</subfield>
    <subfield code="7">0</subfield>
    <subfield code="8">Binding</subfield>
    <subfield code="a">RTCLIB</subfield>
    <subfield code="b">RTCLIB</subfield>
    <subfield code="c">CE Textbook</subfield>
    <subfield code="d">2023-01-20</subfield>
    <subfield code="h">176391</subfield>
    <subfield code="l">0</subfield>
    <subfield code="o">823.4 BEH c.1</subfield>
    <subfield code="p">30017475</subfield>
    <subfield code="r">2023-01-20 00:00:00</subfield>
    <subfield code="w">2023-01-20</subfield>
    <subfield code="y">CE TEXBOOK</subfield>
  </datafield>
  <datafield tag="952" ind1=" " ind2=" ">
    <subfield code="0">0</subfield>
    <subfield code="1">0</subfield>
    <subfield code="2">ddc</subfield>
    <subfield code="4">0</subfield>
    <subfield code="7">0</subfield>
    <subfield code="8">CE Textbook</subfield>
    <subfield code="a">RTCLIB</subfield>
    <subfield code="b">RTCLIB</subfield>
    <subfield code="c">CE Textbook</subfield>
    <subfield code="d">2023-03-09</subfield>
    <subfield code="h">177226</subfield>
    <subfield code="o">823.4 BEH c.11</subfield>
    <subfield code="p">30018529</subfield>
    <subfield code="r">2023-03-09 00:00:00</subfield>
    <subfield code="w">2023-03-09</subfield>
    <subfield code="y">CE TEXBOOK</subfield>
  </datafield>
  <datafield tag="952" ind1=" " ind2=" ">
    <subfield code="0">0</subfield>
    <subfield code="1">0</subfield>
    <subfield code="2">ddc</subfield>
    <subfield code="4">0</subfield>
    <subfield code="7">0</subfield>
    <subfield code="8">CE Textbook</subfield>
    <subfield code="a">RTCLIB</subfield>
    <subfield code="b">RTCLIB</subfield>
    <subfield code="c">CE Textbook</subfield>
    <subfield code="d">2023-03-09</subfield>
    <subfield code="h">177225</subfield>
    <subfield code="o">823.4 BEH c.10</subfield>
    <subfield code="p">30018815</subfield>
    <subfield code="r">2023-03-09 00:00:00</subfield>
    <subfield code="w">2023-03-09</subfield>
    <subfield code="y">CE TEXBOOK</subfield>
  </datafield>
  <datafield tag="952" ind1=" " ind2=" ">
    <subfield code="0">0</subfield>
    <subfield code="1">0</subfield>
    <subfield code="2">ddc</subfield>
    <subfield code="4">0</subfield>
    <subfield code="7">0</subfield>
    <subfield code="8">CE Textbook</subfield>
    <subfield code="a">RTCLIB</subfield>
    <subfield code="b">RTCLIB</subfield>
    <subfield code="c">CE Textbook</subfield>
    <subfield code="d">2023-03-09</subfield>
    <subfield code="h">177224</subfield>
    <subfield code="o">823.4 BEH c.9</subfield>
    <subfield code="p">30018550</subfield>
    <subfield code="r">2023-03-09 00:00:00</subfield>
    <subfield code="w">2023-03-09</subfield>
    <subfield code="y">CE TEXBOOK</subfield>
  </datafield>
  <datafield tag="952" ind1=" " ind2=" ">
    <subfield code="0">0</subfield>
    <subfield code="1">0</subfield>
    <subfield code="2">ddc</subfield>
    <subfield code="4">0</subfield>
    <subfield code="7">0</subfield>
    <subfield code="8">CE Textbook</subfield>
    <subfield code="a">RTCLIB</subfield>
    <subfield code="b">RTCLIB</subfield>
    <subfield code="c">CE Textbook</subfield>
    <subfield code="d">2023-03-09</subfield>
    <subfield code="h">177223</subfield>
    <subfield code="o">823.4 BEH c.8</subfield>
    <subfield code="p">30018536</subfield>
    <subfield code="r">2023-03-09 00:00:00</subfield>
    <subfield code="w">2023-03-09</subfield>
    <subfield code="y">CE TEXBOOK</subfield>
  </datafield>
  <datafield tag="952" ind1=" " ind2=" ">
    <subfield code="0">0</subfield>
    <subfield code="1">0</subfield>
    <subfield code="2">ddc</subfield>
    <subfield code="4">0</subfield>
    <subfield code="7">0</subfield>
    <subfield code="8">CE Textbook</subfield>
    <subfield code="a">RTCLIB</subfield>
    <subfield code="b">RTCLIB</subfield>
    <subfield code="c">CE Textbook</subfield>
    <subfield code="d">2023-03-09</subfield>
    <subfield code="h">177222</subfield>
    <subfield code="o">823.4 BEH c.7</subfield>
    <subfield code="p">30018547</subfield>
    <subfield code="r">2023-03-09 00:00:00</subfield>
    <subfield code="w">2023-03-09</subfield>
    <subfield code="y">CE TEXBOOK</subfield>
  </datafield>
  <datafield tag="952" ind1=" " ind2=" ">
    <subfield code="0">0</subfield>
    <subfield code="1">0</subfield>
    <subfield code="2">ddc</subfield>
    <subfield code="4">0</subfield>
    <subfield code="7">0</subfield>
    <subfield code="8">CE Textbook</subfield>
    <subfield code="a">RTCLIB</subfield>
    <subfield code="b">RTCLIB</subfield>
    <subfield code="c">CE Textbook</subfield>
    <subfield code="d">2023-03-09</subfield>
    <subfield code="h">177221</subfield>
    <subfield code="o">823.4 BEH c.6</subfield>
    <subfield code="p">30018567</subfield>
    <subfield code="r">2023-03-09 00:00:00</subfield>
    <subfield code="w">2023-03-09</subfield>
    <subfield code="y">CE TEXBOOK</subfield>
  </datafield>
  <datafield tag="952" ind1=" " ind2=" ">
    <subfield code="0">0</subfield>
    <subfield code="1">0</subfield>
    <subfield code="2">ddc</subfield>
    <subfield code="4">0</subfield>
    <subfield code="7">0</subfield>
    <subfield code="8">CE Textbook</subfield>
    <subfield code="a">RTCLIB</subfield>
    <subfield code="b">RTCLIB</subfield>
    <subfield code="c">CE Textbook</subfield>
    <subfield code="d">2023-03-09</subfield>
    <subfield code="h">177220</subfield>
    <subfield code="o">823.4 BEH c.5</subfield>
    <subfield code="p">30018537</subfield>
    <subfield code="r">2023-03-09 00:00:00</subfield>
    <subfield code="w">2023-03-09</subfield>
    <subfield code="y">CE TEXBOOK</subfield>
  </datafield>
  <datafield tag="952" ind1=" " ind2=" ">
    <subfield code="0">0</subfield>
    <subfield code="1">0</subfield>
    <subfield code="2">ddc</subfield>
    <subfield code="4">0</subfield>
    <subfield code="7">0</subfield>
    <subfield code="8">CE Textbook</subfield>
    <subfield code="a">RTCLIB</subfield>
    <subfield code="b">RTCLIB</subfield>
    <subfield code="c">CE Textbook</subfield>
    <subfield code="d">2023-03-09</subfield>
    <subfield code="h">177219</subfield>
    <subfield code="o">823.4 BEH c.4</subfield>
    <subfield code="p">30018453</subfield>
    <subfield code="r">2023-03-09 00:00:00</subfield>
    <subfield code="w">2023-03-09</subfield>
    <subfield code="y">CE TEXBOOK</subfield>
  </datafield>
  <datafield tag="952" ind1=" " ind2=" ">
    <subfield code="0">0</subfield>
    <subfield code="1">0</subfield>
    <subfield code="2">ddc</subfield>
    <subfield code="4">0</subfield>
    <subfield code="7">0</subfield>
    <subfield code="8">CE Textbook</subfield>
    <subfield code="a">RTCLIB</subfield>
    <subfield code="b">RTCLIB</subfield>
    <subfield code="c">CE Textbook</subfield>
    <subfield code="d">2023-03-09</subfield>
    <subfield code="h">177218</subfield>
    <subfield code="o">823.4 BEH c.3</subfield>
    <subfield code="p">30018361</subfield>
    <subfield code="r">2023-03-09 00:00:00</subfield>
    <subfield code="w">2023-03-09</subfield>
    <subfield code="y">CE TEXBOOK</subfield>
  </datafield>
  <datafield tag="952" ind1=" " ind2=" ">
    <subfield code="0">0</subfield>
    <subfield code="1">0</subfield>
    <subfield code="2">ddc</subfield>
    <subfield code="4">0</subfield>
    <subfield code="7">0</subfield>
    <subfield code="8">CE Textbook</subfield>
    <subfield code="a">RTCLIB</subfield>
    <subfield code="b">RTCLIB</subfield>
    <subfield code="c">CE Textbook</subfield>
    <subfield code="d">2023-03-09</subfield>
    <subfield code="h">177217</subfield>
    <subfield code="o">823.4 BEH c.2</subfield>
    <subfield code="p">30018605</subfield>
    <subfield code="r">2023-03-09 00:00:00</subfield>
    <subfield code="w">2023-03-09</subfield>
    <subfield code="y">CE TEXBOOK</subfield>
  </datafield>
  <datafield tag="952" ind1=" " ind2=" ">
    <subfield code="0">0</subfield>
    <subfield code="1">0</subfield>
    <subfield code="2">ddc</subfield>
    <subfield code="4">0</subfield>
    <subfield code="7">0</subfield>
    <subfield code="8">CE Textbook</subfield>
    <subfield code="a">RTCLIB</subfield>
    <subfield code="b">RTCLIB</subfield>
    <subfield code="c">CE Textbook</subfield>
    <subfield code="d">2023-03-09</subfield>
    <subfield code="h">177216</subfield>
    <subfield code="o">823.4 BEH c.1</subfield>
    <subfield code="p">30018625</subfield>
    <subfield code="r">2023-03-09 00:00:00</subfield>
    <subfield code="w">2023-03-09</subfield>
    <subfield code="y">CE TEXBOOK</subfield>
  </datafield>
</record>
